| 000 | 00652nam a2200241Ia 4500 | ||
|---|---|---|---|
| 001 | dia_3580 | ||
| 003 | CHAP | ||
| 005 | 20230331095413.0 | ||
| 008 | 220117s2002 xx 000 0 und d | ||
| 010 | _a174061 | ||
| 040 | _cCHAP | ||
| 082 | _a547.731 t8 | ||
| 100 |
_aTudela, Victoria _9154945 |
||
| 245 |
_aEl colesterol: lo bueno y lo malo / _cVictoria Tudela |
||
| 260 |
_aMéxico : _b F.C.E., _c2002 |
||
| 440 |
_aLa ciencia para todos, 140 _9154946 |
||
| 500 | _aC/e | ||
| 650 |
_aColesterol _925130 |
||
| 901 | _a547.731 T8 | ||
| 902 | _aM | ||
| 905 | _a0000002002 mx A 0000000000spa00 | ||
| 942 |
_cLIBRO _2ddc |
||
| 999 |
_c174061 _d174061 |
||